Music Quiz

Random Music or Bands Quiz

Sabaton-Night Witches Lyrics Quiz Stats

 Plays Quiz not verified by Sporcle

Score 0/251 Timer 06:00
0 Plays Today
Hint Answer % Correct
the
97.7%
the
97.7%
the
97.7%
the
97.7%
the
97.7%
the
97.7%
the
97.7%
the
97.7%
the
97.7%
the
97.7%
the
97.7%
the
97.7%
the
97.7%
the
97.7%
the
97.7%
the
97.7%
The
97.3%
night
96.3%
night
96.3%
of
96%
of
96%
Night
96%
Night
96%
Night
96%
Night
96%
night
96%
of
95.6%
of
95.6%
of
95.6%
of
95.6%
of
95.6%
of
95.6%
of
95.6%
a
91.9%
From
91.3%
from
91.3%
From
91.3%
in
90.9%
their
90.9%
their
90.9%
Their
90.9%
in
90.9%
their
90.9%
their
90.9%
in
90.9%
their
90.9%
in
90.9%
their
90.9%
From
90.9%
in
90.9%
their
90.9%
undetected
90.3%
Undetected
90.3%
Undetected
90.3%
Undetected
90.3%
Undetected
89.9%
Undetected
89.9%
Undetected
89.9%
undetected
89.9%
Hell
88.6%
silence
88.3%
Hell
88.3%
silence
88.3%
violence
87.2%
violence
87.2%
perfected
86.6%
perfected
86.6%
perfected
86.6%
perfected
86.6%
perfected
86.6%
explosive
85.9%
explosive
85.6%
Russian
85.2%
Russian
84.9%
on
84.6%
on
84.6%
on
84.6%
on
84.6%
depths
83.6%
depths
83.2%
wings
82.9%
Wings
82.9%
witches
82.6%
witches
82.6%
Hint Answer % Correct
wings
82.6%
Wings
82.6%
Witches
82.6%
witches
82.6%
Witches
82.6%
wings
82.6%
Wings
82.6%
flight
81.5%
flight
81.5%
bomber
81.2%
bomber
81.2%
bomber
81.2%
time
80.9%
time
80.5%
Cast
80.2%
glory
79.9%
Cast
79.9%
glory
79.5%
glory
79.5%
spells
78.9%
and
78.9%
and
78.9%
spells
78.5%
Tell
78.2%
story
78.2%
Tell
77.9%
story
77.9%
Tell
77.9%
story
77.9%
Flawless
77.5%
Flawless
77.5%
Air
76.2%
unexpected
76.2%
air
76.2%
unexpected
76.2%
unexpected
75.8%
regiment
75.5%
regiment
75.5%
regiment
75.5%
for
75.2%
You
74.8%
you
74.8%
death
74.8%
Death
74.8%
death
74.8%
to
73.8%
to
73.8%
to
73.8%
to
73.8%
to
73.8%
to
73.8%
588
72.5%
588
72.5%
588
72.5%
Pushing
70.8%
vision
70.1%
are
70.1%
Canvas
70.1%
are
70.1%
Canvas
70.1%
vision
70.1%
Canvas
69.8%
one
69.1%
your
68.8%
your
68.8%
your
68.8%
your
68.8%
number
68.5%
meet
67.4%
meet
67.4%
meet
67.4%
Prepare
67.1%
Aviation
67.1%
Prepare
67.1%
Aviation
67.1%
Prepare
67.1%
Aviation
66.8%
deviation
66.4%
fate
66.1%
at
66.1%
fate
66.1%
deviation
66.1%
fate
66.1%
deviation
66.1%
Hint Answer % Correct
strong
64.8%
going
64.1%
Stealth
63.4%
Stealth
63.4%
Stealth
63.4%
planes
62.1%
run
61.7%
foe
60.1%
they
58.4%
below
57.8%
down
57%
death
57%
hide
56.7%
fight
56.4%
fight
56%
Bomber's
55%
looking
54.4%
can't
53.7%
can't
53.7%
miss
53.4%
is
53.4%
attack
53%
come
52.3%
come
52.3%
they're
50.7%
move
50.3%
Somewhere
49.3%
force's
48%
mark
47.7%
been
46.6%
Never
46.6%
attack's
45.6%
proved
45.6%
through
45.6%
Silent
45%
just
44.6%
join
43%
sound
42.6%
Strike
42.6%
sound
42.6%
dark
41.6%
lair
40.9%
fly
39.9%
appear
39.9%
ground
39.6%
all
38.9%
gates
38.3%
abide
37.9%
them
36.9%
fears
35.6%
awaits
35.6%
Suddenly
34.9%
losing
34.6%
Live
34.2%
appears
32.9%
battleground
32.9%
high
32.9%
Rodina
32.9%
defeat
32.9%
Foes
32.6%
confirming
32.6%
retreating
32.2%
Axis
32.2%
aiming
31.5%
will
29.9%
Raiders
28.9%
when
28.2%
around
27.5%
wind
27.5%
whisper
27.5%
heavens
26.8%
Beneath
26.5%
starlight
26.2%
As
26.2%
Target
25.5%
skies
25.2%
heroes
24.5%
Unlikely
24.2%
horizon
23.8%
coming
23.5%
found
23.2%
barrels
22.5%
back
22.5%

You're not logged in!

Compare scores with friends on all Sporcle quizzes.
OR
Log In

Sporcle TV

Today on Sporcle TV


Watch our educational content, quiz creation guides, and fun videos on Sporcle TV.

Show Comments

Extras

Top Quizzes Today


Score Distribution

Your Account Isn't Verified!

In order to create a playlist on Sporcle, you need to verify the email address you used during registration. Go to your Sporcle Settings to finish the process.

Report this User

Report this user for behavior that violates our Community Guidelines.

Details: